| 000 | 00740nam a22002177a 4500 | ||
|---|---|---|---|
| 005 | 20081020162043.0 | ||
| 008 | 081020t xxu||||| |||| 00| 0 eng d | ||
| 010 | _aENG-84169 | ||
| 020 | _a8182930170 | ||
| 020 | _c695.00 (hb) | ||
| 035 | _aEN-67702 | ||
| 082 | _a005.8 | ||
| 100 | _aAnand, Rohit | ||
| 245 |
_aNetwork security / _cby Rohit Anand |
||
| 260 |
_aNew Delhi _bInternational Scientific Publishing Academy |
||
| 260 | _c2005 | ||
| 300 |
_avii,335p _c22cm |
||
| 500 | _aIncludes bibliographical references and index | ||
| 942 |
_2ddc _cEN _h005.8 _mANA |
||
| 999 |
_c17131 _d17131 |
||